000 00570nam a2200205Ia 4500
005 20250508162444.0
008 008 250505s9999 xx 000 0 eng d
020 _a0-88386-435-5
037 _aTextual
040 _aFEDL
_beng
_cFEDL
041 _aeng
_2eng
084 _a155.2, HAS
_qFEDL
100 _aHasan Qamar
245 0 _aDogmatism and personality
260 _aCalcutta, India
_bMinerva Associates (Publications) Pvt. Ltd.
_c1974
300 _a120p.
650 _aPersonality
942 _cTEXL
_h155.2, HAS
999 _c1376658
_d1376658